Statystyki dla Wymień wszystkich rywali Normana Parke w karierze.

Kliknij tutaj aby rozwiązać quiz!

Ogólne statystyki

  • Ten quiz został rozwiązany 3 razy
  • Średni wynik to 7 z 46

Statystyki odpowiedzi

Wygrana/PrzegranaRywal% Poprawnych
No ContestMateusz Gamrot
100%
PrzegranaMateusz Gamrot
100%
PrzegranaMateusz Gamrot
100%
WygranaBorys Mańkowski
67%
PrzegranaBorys Mańkowski
67%
WygranaKasjusz Życiński
67%
WygranaMarcin Wrzosek
67%
WygranaPiotr Szeliga
67%
WygranaArtur Sowiński
33%
WygranaPopek
33%
WygranaAli Maclean
0%
WygranaAli Maclean
0%
WygranaAndrew Fisher
0%
WygranaBarry Oglesby
0%
WygranaBen Davis
0%
WygranaBrendan Loughnane
0%
WygranaBrian Kerr
0%
WygranaColin Fletcher
0%
WygranaDominic McConnell
0%
WygranaDominic McConnell
0%
PrzegranaFrancisco Trinaldo
0%
PrzegranaGleison Tibau
0%
PrzegranaGreg Loughran
0%
WygranaGrzegorz Szulakowski
0%
WygranaIan Jones
0%
PrzegranaJoe Duffy
0%
WygranaJon Tuck
0%
WygranaJunior Orgulho
0%
WygranaKazuki Tokudome
0%
WygranaLeonardo Santos
0%
WygranaŁukasz Chlewicki
0%
WygranaMaciej Jewtuszko
0%
WygranaMarcos Nardini
0%
WygranaMark Mills
0%
WygranaMichael Bowman
0%
WygranaMyles Price
0%
WygranaMyles Price
0%
WygranaNaoyuki Kotani
0%
WygranaPaul Jenkins
0%
WygranaPaul Redmond
0%
WygranaReza Madadi
0%
WygranaRichie Vaculik
0%
PrzegranaRustam Khabilov
0%
WygranaStephen Coll
0%
WygranaStuart Davies
0%
WygranaTom Maguire
0%

Rozkład punktacji

Percentyl według liczby udzielonych odpowiedzi

Procent ludzi z każdym wynikiem

Twoja historia wyników

Nie rozwiązałeś tego quizu